Ottův slovník naučný nové doby

Enregistré dans:
Détails bibliographiques
Format: Livre
Langue:tchèque
Publié: Praha J. Otto 1933
Tags: Ajouter un tag
Pas de tags, Soyez le premier à ajouter un tag!

MARC

LEADER 00000nam a2200000 4500
001 c123417
005 20041019155228.2
041 0 |a cze 
044 |a CZ 
245 1 0 |a Ottův slovník naučný  |b nové doby 
264 1 |a Praha  |b J. Otto  |c 1933 
300 |a 1518 s.